|
|
|
|
| LEADER |
00000naa2a2200000 4500 |
| 001 |
422294 |
| 005 |
20231101073741.0 |
| 035 |
|
|
|a (RuTPU)RU\TPU\prd\80124
|
| 035 |
|
|
|a RU\TPU\prd\4512
|
| 090 |
|
|
|a 422294
|
| 100 |
|
|
|a 20100409a2002 k y0rusy50 ca
|
| 101 |
0 |
|
|a rus
|
| 102 |
|
|
|a RU
|
| 200 |
1 |
|
|a Новый вид информации в уравнениях Максвелла
|f А. Г. Чирков, А. Н. Агеев
|
| 320 |
|
|
|a Библиогр.: 14 назв.
|
| 461 |
|
1 |
|0 (RuTPU)RU\TPU\prd\409
|x 0367-3294
|t Физика твердого тела
|f Российская академия наук ; Физико-технический институт им. А. Ф. Иоффе
|d 1959-
|
| 463 |
|
1 |
|0 (RuTPU)RU\TPU\prd\80123
|t Т. 44, № 1
|v с. 3-5
|d 2002
|
| 610 |
1 |
|
|a уравнения Максвелла
|
| 610 |
1 |
|
|a электромагнитные волны
|
| 610 |
1 |
|
|a электронная дифракция
|
| 610 |
1 |
|
|a структура потенциалов
|
| 610 |
1 |
|
|a носители информации
|
| 700 |
|
1 |
|a Чирков
|b А. Г.
|
| 701 |
|
1 |
|a Агеев
|b А. Н.
|
| 801 |
|
1 |
|a RU
|b 63413507
|c 20020607
|g PSBO
|
| 801 |
|
2 |
|a RU
|b 63413507
|c 20151027
|g PSBO
|
| 942 |
|
|
|c BK
|